Match the Capital - Statistics

General Stats
  • This quiz has been taken 172 times
  • The average score is 17 of 20
Answer Stats
Hint Answer % Correct
Athens Greece
98%
Berlin Germany
97%
Rome Italy
97%
Stockholm Sweden
97%
Buenos Aires Argentina
93%
Kabul Afghanistan
89%
Canberra Australia
89%
Wellington New Zealand
89%
San Josè Costa Rica
86%
Ankara Turkey
86%
Santiago Chile
85%
Riga Latvia
84%
Caracas Venezuela
84%
Kingston Jamaica
80%
Manila Philippines
80%
Muscat Oman
72%
Abuja Nigeria
71%
Vientiane Laos
68%
Windhoek Namibia
68%
Luanda Angola
61%
No matching quizzes found
Score Distribution
Percent of People with Each Score
Percentile by Number Answered
Your Score History
You have not taken this quiz